000 00637nam a2200229Ia 4500
003 OSt
005 20220925172526.0
006 a|||||r|||| 00| 0
007 ta
008 220923b |||||||| |||| 00| 0 eng d
037 _cGeneral Book
040 _aRTL
_cRTL
_beng
041 _2eng
_aeng
082 _aSigma.275k, N0.1-N0.3
100 _aChatterjee Suhas
_9194437
245 0 _aMizoram Encyclopedia I
260 _aBombay
_bJaico India
_c1990
300 _a241p
_ccm.
650 _aSocial Sciences
942 _hSigma.275k, N0.1-N0.3
_cGB
_2CC
999 _c485290
_d485290